000 00378 a2200109 4500
999 _c234464
_d234464
003 Nust
005 20170321114927.0
008 170321b xxu||||| |||| 00| 0 eng d
040 _c0
082 _a070.4 AHU
100 _aB.N.AHUJA
245 _aTheory and Practice of Journalism
_cB.N.Ahuja
260 _aSujeet Puublications
_bNew Delhi
_c2007
300 _a375 p.
500 _aP.B
942 _cBK
_k070.4 AHU
_2ddc